Szczegóły MARC21

Komunikacja między ludźmi : motywacja, wiedza, umiejętności /

003 -Nazwa inst., której nr kontr. jest w polu 001 [,]
    • @
    • Nazwa instytucji, której n kontrolny jest w polu 001
    • NUKAT
005 -DATA I CZAS OSTATNIEJ MODYFIKACJI [,]
    • @
    • pole kontrolne
    • 20241231113242.0
020 -Międzynarod. znormalizowany nr książki - ISBN [ , ]
    • a
    • Numer ISBN
    • 9788301182908 Find
040 -Instytucja sporządzająca opis [ , ]
    • a
    • Instytucja, która sporządziła opis (NP)
    • WR U/Pdg
    • c
    • Instytucja, która sporządziła rekord (NP)
    • WR U/ZM
    • d
    • Instytucja, która zmodyfikowała rekord (P)
    • WR U/ZMs
    • d
    • Instytucja, która zmodyfikowała rekord (P)
    • WA 191/MS
041 -Język dokumentu [1, ]
    • a
    • Język tekstu (P)
    • polski
    • h
    • Język tekstu oryginalnego i/lub pośredniego (P)
    • angielski
942 -Rodzaj dokumentu [ , ]
    • c
    • Rodzaj dokumentu
    • Książka
100 -Hasło główne - nazwa osobowa [1, ]
    • a
    • Nazwa osobowa (NP)
    • Morreale, Sherwyn P.
    • 9
    • KHW
    • 90813
240 -Tytuł ujednolicony [1,0]
    • a
    • Tytuł ujednolicony
    • Human communication
    • l
    • Język tekstu
    • (pol.)
    • 9
    • KHW
    • 90818
245 -Strefa tytułu i oznaczenia odpowiedzialności [1,0]
    • a
    • Tytuł
    • Komunikacja między ludźmi : Find
    • b
    • Ciąg dalszy tytułu (NP)
    • motywacja, wiedza, umiejętności / Find
    • c
    • Pozostałe elementy strefy tytułu i oznaczenia odpowiedzialności (NP)
    • Sherwyn P. Morreale, Brian H. Spitzberg, J. Kevin Barge ; przełożyli Paweł Izdebski, Aleksandra Jaworska-Surma, Dorota Kobylińska ; redakcja naukowa polskiego wydania Hanna Brycz.
250 -Strefa wydania [ , ]
    • a
    • Oznaczenie wydania (NP)
    • Wyd. 2.
260 -Strefa adresu wydawniczego [ , ]
    • a
    • Miejsce wydania (P)
    • Warszawa :
    • b
    • Nazwa wydawcy (P)
    • Wydawnictwo Naukowe PWN,
    • c
    • Data wydania (P)
    • 2015.
300 -Strefa opisu fizycznego [ , ]
    • a
    • Określenie formy książki i/lub objętość (NP)
    • 450, [1] :
    • b
    • Oznaczenie ilustracji (NP)
    • il. ;
    • c
    • Format (NP)
    • 29 cm.
336 -Typ zawartości [ , ]
    • a
    • Termin opisujący typ zawartości
    • Tekst
    • b
    • Kod określający zawartość
    • txt
    • 2
    • Źródło (terminu i kodu)
    • rdacontent
337 -Typ mediów [ , ]
    • a
    • Tryb odtwarzania
    • Bez urządzenia pośredniczącego
    • b
    • Kod typu mediów
    • n
    • 2
    • Źródło (terminu i kodu)
    • rdamedia
338 -Typ/rodzaj nośnika [ , ]
    • a
    • Hasło opisujące typ nośnika
    • Wolumin
    • b
    • Kod typu nośnika
    • nc
    • 2
    • Źródło (terminu i kodu)
    • rdacarrier
500 -Uwaga ogólna [ , ]
    • a
    • Uwaga ogólna (NP)
    • Na s. tyt. "Wydanie nowe".
500 -Uwaga ogólna [ , ]
    • a
    • Uwaga ogólna (NP)
    • Podtyt. poprzed. wydań : " ... motywacja, wiedza i umiejętności".
504 -Uwaga dot. bibliogr. załącznikowej [ , ]
    • a
    • Uwaga dot. bibliografii załącznikowej
    • Bibliogr. przy rozdz. Indeksy.
080 -Uniwersalna Klasyfikacja Dziesiętna [ , ]
    • 2
    • Identyfikator wydania tablic
    • UDC-P058
    • 9
    • UKD
    • 2834
    • a
    • Symbol klasyfikacji
    • 316.77
    • b
    • Dopowiedzenie
    • Socjologia komunikowania. Komunikacja społeczna. Wpływ środków masowego przekazu, decydentów, cenzury. Sprzężenie zwrotne komunikowania. Kultura audiowizualna.
    • 4
    • UKD2
    • 8594
    • x
    • Poddział wspólny
    • (07)
    • c
    • Dopowiedzenie poddz. wspólnego
    • (Wydawnictwa dydaktyczne. Podręczniki).
080 -Uniwersalna Klasyfikacja Dziesiętna [ , ]
    • 2
    • Identyfikator wydania tablic
    • UDC-P058
    • 9
    • UKD
    • 2820
    • a
    • Symbol klasyfikacji
    • 316.47
    • b
    • Dopowiedzenie
    • Stosunki społeczne. Stosunki interpersonalne. Stosunki międzyludzkie. Stosunki między grupami a jednostkami.
    • 4
    • UKD2
    • 8594
    • x
    • Poddział wspólny
    • (07)
    • c
    • Dopowiedzenie poddz. wspólnego
    • (Wydawnictwa dydaktyczne. Podręczniki).
080 -Uniwersalna Klasyfikacja Dziesiętna [ , ]
    • 2
    • Identyfikator wydania tablic
    • UDC-P058
    • 9
    • UKD
    • 6367
    • a
    • Symbol klasyfikacji
    • 808.5
    • b
    • Dopowiedzenie
    • Retoryka. Sztuka przemawiania. Sztuka oratorska. Sztuka i technika deklamacji i recytacji. Dykcja. Konwersacja.
    • 4
    • UKD2
    • 8594
    • x
    • Poddział wspólny
    • (07)
    • c
    • Dopowiedzenie poddz. wspólnego
    • (Wydawnictwa dydaktyczne. Podręczniki).
650 -Hasło przedmiotowe [ ,7]
    • a
    • Hasło przedmiotowe
    • Komunikacja interpersonalna.
    • 2
    • Źródło terminu
    • kaba
    • 9
    • KHW
    • 114877
650 -Hasło przedmiotowe [ ,7]
    • a
    • Hasło przedmiotowe
    • Komunikacja w małych grupach.
    • 2
    • Źródło terminu
    • kaba
    • 9
    • KHW
    • 161283
650 -Hasło przedmiotowe [ ,7]
    • a
    • Hasło przedmiotowe
    • Sztuka wystąpień publicznych.
    • 2
    • Źródło terminu
    • kaba
    • 9
    • KHW
    • 134565
980 -Symbol UKD [ , ]
    • a
    • UKD
    • 316.77:316.47:808.5](07)
700 -Hasło dodatkowe - nazwa osobowa [1, ]
    • a
    • Nazwa osobowa (NP)
    • Spitzberg, Brian H. Find
    • 9
    • KHW
    • 90814
700 -Hasło dodatkowe - nazwa osobowa [1, ]
    • a
    • Nazwa osobowa (NP)
    • Barge, J. Kevin. Find
    • 9
    • KHW
    • 90815
700 -Hasło dodatkowe - nazwa osobowa [1, ]
    • a
    • Nazwa osobowa (NP)
    • Izdebski, Paweł Find
    • d
    • Daty biograficzne (NP)
    • (1958-2021).
    • e
    • Określenie rodzaju współpracy
    • Tł.
    • 9
    • KHW
    • 16386
700 -Hasło dodatkowe - nazwa osobowa [1, ]
    • a
    • Nazwa osobowa (NP)
    • Jaworska-Surma, Aleksandra. Find
    • e
    • Określenie rodzaju współpracy
    • Tł.
    • 9
    • KHW
    • 80954
700 -Hasło dodatkowe - nazwa osobowa [1, ]
    • a
    • Nazwa osobowa (NP)
    • Kobylińska, Dorota. Find
    • e
    • Określenie rodzaju współpracy
    • Tł.
    • 9
    • KHW
    • 90816
700 -Hasło dodatkowe - nazwa osobowa [1, ]
    • a
    • Nazwa osobowa (NP)
    • Brycz, Hanna. Find
    • e
    • Określenie rodzaju współpracy
    • Red.
    • 9
    • KHW
    • 52952
710 -Hasło dodatkowe - nazwa ciała zbiorowego [2, ]
    • a
    • Nazwa ciała zbiorowego lub nazwa geograficzna jako pierwszy element (NP)
    • Wydawnictwo Naukowe PWN.
    • 4
    • Kod relacji
    • pbl
    • 9
    • KHW
    • 52648
920 -ISBN [ , ]
    • a
    • ISBN
    • 978-83-01-18290-8 Find
Sygnatura Numer inwentarzowy Status udost. Lokalizacja Data inwentaryzacji
 E.76291-2BE2016-01-21
316GW.9158-2BG2017-06-13
T.19168T.19168-2T2016-02-01